Manual del Notario Público del Receptor i del Procurador de Numero o sea Cartilla para el desempeño de estos cargos
Saved in:
| Hovedforfatter: | |
|---|---|
| Format: | Bog |
| Sprog: | spansk |
| Udgivet: |
Santiago
Imprenta de la Libreria Americana
1884
|
| Fag: | |
| Tags: |
Tilføj Tag
Ingen Tags, Vær først til at tagge denne postø!
|
MARC
| LEADER | 00000nam a2200000 a 4500 | ||
|---|---|---|---|
| 001 | UCY4354 | ||
| 003 | CL-VaPUC | ||
| 008 | 950310e18840000CL |||||||||||||||||spa|d | ||
| 082 | 0 | 4 | |a 347.016 |b VER |2 21 |
| 100 | 0 | |a Vera, Robustiano |e author |9 332759 | |
| 245 | 1 | 0 | |a Manual del Notario Público del Receptor i del Procurador de Numero o sea Cartilla para el desempeño de estos cargos |
| 300 | |a 336 p | ||
| 942 | |c BK | ||
| 945 | |d 19950310 00:00:00 |a aalvarez | ||
| 260 | |a Santiago |b Imprenta de la Libreria Americana |c 1884 | ||
| 650 | 7 | |a NOTARIAS SITUACION JURIDICA |2 CL-VaPUC |9 332760 | |
| 651 | 7 | |a CHILE |2 CL-VaPUC |9 332761 | |
| 583 | |a last modification |c 19950310 00:00:00 |k Rodrigo Vera | ||
| 999 | |c 232230 |d 232228 | ||
| 952 | |0 0 |1 0 |2 ddc |4 0 |5 1 |6 347_016000000000000_VER_1884 |7 1 |8 C_LRYV |9 236336 |a FDOBRV |b BIBDER |d 2019-11-15 |i 306266K |o 347.016 VER 1884 |p 306266K |r 2023-01-25 |w 2019-11-15 |y BK_X |k BRV | ||
| 952 | |0 0 |1 0 |4 0 |6 347_016000000000000_VER_1884 |7 0 |8 X |9 236337 |a BIBDER |b BIBDER |d 2019-11-15 |i 1892282 |o 347.016 VER 1884 |p 1892282 |r 2023-01-25 |w 2019-11-15 |y BK_X |k DER | ||
| 952 | |0 0 |1 0 |2 ddc |4 0 |5 1 |6 347_016000000000000_VER_1884 |7 1 |8 C_LRYV |9 236338 |a FDOBRV |b BIBDER |d 2019-11-15 |i 1892460 |o 347.016 VER 1884 |p 1892460 |r 2023-01-25 |w 2019-11-15 |y BK_X |k BRV | ||